000 00683nam a2200229 a 4500
999 _c12415
_d12415
001 12415
003 BD-JhCC
005 20221124134023.0
008 190628b2021 bg |||| ||a| 000 0 ben d
020 _a978984958997
035 _a(BD-JhCC)12415
040 _aBD-JhCC
_dBD-JhCC
041 _abengali
082 _a297
_bAZA 2021
100 _aআজাদ, আরিফ
245 _aজীবন যেখানে যেমন /
_cআরিফ আজাদ ।
260 _aঢাকা :
_bসমকালীন প্রকাশ;
_c২০২১.
300 _a১৪৬ পৃঃ . :
_c২২ সেমি.
650 _aIslam
942 _2ddc
_cBK
_031